Object-Oriented programming : (Record no. 125809)

MARC details
000 -LEADER
fixed length control field 00840nam a22002417a 4500
005 - DATE AND TIME OF LATEST TRANSACTION
control field 20170124110000.0
010 ## - LIBRARY OF CONGRESS CONTROL NUMBER
LC control number A-952617
020 ## - INTERNATIONAL STANDARD BOOK NUMBER
Terms of availability 150.00
International Standard Book Number 8120312589
035 ## - SYSTEM CONTROL NUMBER
System control number A-952617
037 ## - SOURCE OF ACQUISITION
Source of stock number/acquisition Cen Lib/Ret
040 ## - CATALOGING SOURCE
Original cataloging agency DPL
Language of cataloging EN
082 ## - DEWEY DECIMAL CLASSIFICATION NUMBER
Classification number 005.13
Item number SEN
100 ## - MAIN ENTRY--PERSONAL NAME
Personal name Sengupta, Probal
9 (RLIN) 15558
245 ## - TITLE STATEMENT
Title Object-Oriented programming :
Statement of responsibility, etc by Probal Sengupta [and] Bidyut Baran Chaudhuri
Remainder of title fundamentals ans applications /
260 ## - PUBLICATION, DISTRIBUTION, ETC. (IMPRINT)
Name of publisher, distributor, etc New Delhi
Place of publication, distribution, etc Prentice-Hall of India
Date of publication, distribution, etc 1998
270 ## - ADDRESS
City New Delhi
Address M-97, Connaught Circus
Postal code 110001
300 ## - PHYSICAL DESCRIPTION
Extent x,257p.
Dimensions 23cm(Hb)
500 ## - GENERAL NOTE
General note Includes bibliographic references and index
650 ## - SUBJECT ADDED ENTRY--TOPICAL TERM
Topical term or geographic name as entry element Object-oriented programming (Computer science)
9 (RLIN) 15559
650 ## - SUBJECT ADDED ENTRY--TOPICAL TERM
Topical term or geographic name as entry element System design
9 (RLIN) 15560
700 ## - ADDED ENTRY--PERSONAL NAME
Personal name Chaudhuri, Bidyut Baran
9 (RLIN) 15561
942 ## - ADDED ENTRY ELEMENTS (KOHA)
Source of classification or shelving scheme Dewey Decimal Classification
Koha item type English Books
Classification part 005.13
Call number suffix SEN
Holdings
Withdrawn status Lost status Damaged status Not for loan Home library Current library Date acquired Source of acquisition Cost, normal purchase price Total Checkouts Full call number Barcode Date last seen Copy number Cost, replacement price Price effective from Koha item type
        Central Library Central Library 23/06/2015 Cen Lib/Ret 150.00   005.13 SEN A-952617 23/06/2015 1 150.00 23/06/2015 English Books

© Delhi Public Library
Hit Counter
free hit counter